000 01225cam a22002054a 4500
005 20250605164018.0
008 250528s ||||||||||||||||||||||||d
035 _a16211
020 _a870410318
040 _aGR-AtMCL
_bgre
_dGR-AtMCL
_eAACR2
245 1 _aReview of Physiological Chemistry
250 _a13th
260 _bLange Medical Publications,
_c1971
300 _a530
520 _aCarbohydrates, Lipids, Amino Acids and Proteins, Nucleoproteins and Nucleic Acids, Mechanism of Protein Synthesis and Genetic Regulation of Metabolism, Porphyrins and Bile Pigments, Vitamins, Enzymes, Biologic Oxidation, The Blood and Lympth and Cerebrospinal Fluid, The Chemistry of Respiration, Digestion and Absorption from the Gastrointestinal Tract, Metabolism of Carbohydrate, Metabolism of Lipids, Protein and Amino Acid Metabolism, Metabolism of Purines and Pyrimidines, The Functions and Tests of the Liver, The Kidney and the Urine, Water and Mineral Metabolism, The Chemistry and Functions of the Hormones, Calorimetry: Elements of Nutrition, The Chemistry of the Tissues, Appendix: General and Physical Chemistry, Index.
700 1 _aHarper Harold A
_92288
942 _cBK
999 _c1741
_d1741